Ododo eye
Gardado en:
| Autor Principal: | |
|---|---|
| Formato: | Libro |
| Idioma: | inglés |
| Publicado: |
Akolawole Printers
[ n.d ].
|
| Tags: |
Engadir etiqueta
Sen Etiquetas, Sexa o primeiro en etiquetar este rexistro!
|
MARC
| LEADER | 00000nam a22000007a 4500 | ||
|---|---|---|---|
| 008 | 201215b ||||| |||| 00| 0 eng d | ||
| 020 | |a 978-978-085-903-9 | ||
| 100 | |a OLAJUYIN, Oyebanji | ||
| 245 | |a Ododo eye |c Oyebanji Olajuyin | ||
| 260 | |b Akolawole Printers |c [ n.d ]. |h Ado-Ekiti, Nigeria |i 663895 |l PL8823.5 .Ol1 |m Yoruba literature |m Yoruba (African people) – Social life and customs | ||
| 942 | |a lcc |c BK |e Kuteyi, M. A. |f 15/12/2020 | ||
| 952 | |0 0 |1 0 |2 lcc |4 0 |6 PL88235 O L1 |7 0 |9 540 |a HOL |b AC |c LP |d 2020-12-15 |l 0 |o PL8823.5 .Ol1 |p 2020-2262 |r 2020-12-15 00:00:00 |w 2020-12-15 |y BK | ||
| 999 | |c 273 |d 273 | ||